000 00671nam a2200253Ia 4500
003 OSt
005 20220924114947.0
006 a|||||r|||| 00| 0
007 ta
008 220923b |||||||| |||| 00| 0 san d
024 _a39870
037 _cTextual
040 _aARTS
_cARTS
_bsan
041 _2san
_asan
082 _aO15:gx7,1, 111M1.1
100 _aAnandavardhana ed
_9176249
245 0 _aDhvanyaloka
250 _a2nd
260 _aCalcutta
_bFirma K L M India
_c1981
300 _alxviii,301p.
_ccm.
650 _aSANSKRIT LITERATURE
942 _hO15:gx7,1, 111M1.1
_cTEXL
_2CC
999 _c396171
_d396171